| STA | |a MIBE-2025 |
| FMT | BK |
| LDR | nab 22 i 4500 |
| 001 | 000477209 |
| 005 | 20251209113142.0 |
| 006 | m d |
| 007 | cr nuu---uuuuu |
| 008 | 251021s2025 ne a fs 000 0 eng d |
| 0247 | |a 10.1016/j.jmoneco.2025.103856 |2 doi |
| 0248 | |a WOS:001619392800002 |q DT2536 |
| 040 | |a ES-MaBBE |
| 084 | |a E24 |
| 084 | |a E31 |
| 084 | |a J31 |
| 084 | |a O33 |
| 098 | |a E1 |e Renta, empleo y precios |
| 1001 | |a Basso, Henrique S. |
| 24510 | |a Robot adoption and inflation dynamics |h [Recurso electrónico] / |c Henrique S. Basso, Omar Rachedi. |
| 500 | |a Artículo de revista |
| 506 | |a Acceso electrónico RESTRINGIDO por IP a los usuarios de la Biblioteca del Banco de España |
| 5203 | |a Leveraging variation in robot adoption across U.S. metropolitan areas, we document that automation reduces the sensitivity of inflation to unemployment. To rationalize this finding, we build a New Keynesian model with search frictions in the labor market where robot adoption flattens the Phillips curve. The key channel is the option value of automation: the threat of automating labor tasks alters effective workers’ bargaining power, muting the wage sensitivity to unemployment. We validate the relevance of this channel in the data by showing that robot adoption reduces the sensitivity of inflation to unemployment relatively more in highly unionized metropolitan areas. [Resumen de autor] |9 [eng] |
| 650 4 | |a Desempleo |
| 650 4 | |a Automatización |
| 650 4 | |a Curva de Phillips |
| 651 4 | |a Estados Unidos |
| 65310 | |a Automation |
| 65310 | |a Phillips curve |
| 65310 | |a Unemployment |
| 65310 | |a Bargaining power |
| 7001 | |a Rachedi, Omar |
| 7730 | |t Journal of Monetary Economics [Artículos] |g v. 156, December 2025, 103856 |x 0304-3932 |
| 8564 | |z Acceso al texto completo |u https://login.ezproxy-bde.greendata.es/login?url=https://doi.org/10.1016/j.jmoneco.2025.103856 |
| LKR | |a PAR |b 000477177 |l NSB01 |n Documentos de Trabajo / Banco de España ; 2536 |m Journal of Monetary Economics, v. 156, December 2025, 103856 |
| TYP | |a Artículo |
| TYP | |a Recurso electronico |
| TYP | |a EL |b Acceso |
| SYS | 000477209 |
2013 Banco de España, Madrid, España. Reservados todos los derechos
Basado en Ex Libris (© 2009 Ex Libris)